logo

Bir Sreshtho Munshi Abdur Rouf Library
Jhenaidah Cadet College

Bayt Al-Hikmah: (Record no. 13544)

MARC details
000 -LEADER
fixed length control field 00638nam a2200241 a 4500
001 - CONTROL NUMBER
JCCL Control Number 13544
003 - CONTROL NUMBER IDENTIFIER
JCCL marc code BD-JhCC
005 - DATE AND TIME OF LATEST TRANSACTION
control field 20240123111019.0
008 - FIXED-LENGTH DATA ELEMENTS--GENERAL INFORMATION
fixed length control field 240123b2017 sa |||| ||a| 000 0 eng d
020 ## - INTERNATIONAL STANDARD BOOK NUMBER
International Standard Book Number 9786035012959
035 ## - SYSTEM CONTROL NUMBER
system control number (BD-JhCC)13544
040 ## - CATALOGING SOURCE
Original cataloging agency BD-JhCC
Modifying agency BD-JhCC
041 ## - LANGUAGE CODE
Language code of Book english
082 ## - DEWEY DECIMAL CLASSIFICATION NUMBER
Classification number 027.67
Author mark and Year NAG 2017
100 ## - MAIN ENTRY--PERSONAL NAME
Personal name Nagy,Luqman
245 ## - TITLE STATEMENT
Title Bayt Al-Hikmah:
Remainder of title The House Of Scientific Wisdom /
Statement of responsibility, etc Luqman Nagy,
260 ## - PUBLICATION, DISTRIBUTION, ETC. (IMPRINT)
Place of publication, distribution, etc Riyadh:
Name of publisher, distributor, etc IIPH;
Date of publication, distribution, etc 2017.
300 ## - PHYSICAL DESCRIPTION
Pagination 112 p. :
Other physical details ill;
Dimensions 17 cm.
650 ## - SUBJECT ADDED ENTRY--TOPICAL TERM
Topical term or geographic name as entry element Islamic Learning and Scholarship
650 ## - SUBJECT ADDED ENTRY--TOPICAL TERM
Topical term or geographic name as entry element Islamic Libraries
942 ## - ADDED ENTRY ELEMENTS (KOHA)
Source of classification or shelving scheme Dewey Decimal Classification
Koha item type Books
Holdings
Source of classification or shelving scheme Damaged status Not for loan Home library Current library Shelving location Date of accession Cost, normal purchase price Total Checkouts Full call number Barcode Date last seen Date checked out Copy number Method of acquisition Koha item type Currency
Dewey Decimal Classification     JCC Rouf Library JCC Rouf Library General Stacks   1190.00 1 027.67 NAG 2017 18124 03/03/2024 02/28/2024 C-1 Purchase Books BDT

JCC Library | Contacts | JCC Home

Last Update on 23 September 2017
Copyright @ 2017-2020 JCC Rouf Library
Rouf Library, Jhenidah Cadet College (JCC), Bangladesh